书目信息 |
| 题名: |
购销决策
|
|
| 作者: | 汪馥郁 , 张勤 著 | |
| 分册: | ||
| 出版信息: | 北京 中国经济出版社 1989.7 |
|
| 页数: | 258页 | |
| 开本: | 19厘米 | |
| 丛书名: | 当代购销管理丛书 | |
| 单 册: | ||
| 中图分类: | F713.1 | |
| 科图分类: | ||
| 主题词: | 供销管理--决策 | |
| 电子资源: | ||
| ISBN: | 7-5017-0291-8 | |
| 000 | 00895nam2 2200277 450 | |
| 001 | 0100300999 | |
| 005 | 20020928000000.0 | |
| 010 | @a7-5017-0291-8@dCNY4.5 | |
| 011 | @a7-5017-0291-8 | |
| 100 | @a19921105d1989 em y0chiy0110 ea | |
| 101 | 0 | @achi |
| 102 | @aCN@b110000 | |
| 105 | @ay z 000yy | |
| 106 | @ar | |
| 200 | 1 | @a购销决策@9Gou Xiao Jue Ce @f汪馥郁,张 勤著@b专著 |
| 210 | @a北京@c中国经济出版社@d1989.7 | |
| 215 | @a258页@d19厘米 | |
| 225 | 2 | @a当代购销管理丛书@f汪馥郁,李 常主编 |
| 330 | @a本书从购销决策的科学含义、购销决策形成过程中必经的7个程序和应该遵守的四大原则等环节或侧面,对科学地制订购销决策所涉及的主要问题作了介绍。 | |
| 410 | 0 | @12001 @a当代购销管理丛书 |
| 606 | 0 | @a供销管理@x决策 |
| 690 | @aF713.1@v三版 | |
| 701 | 0 | @a汪馥郁@9wang fu yu@4著 |
| 701 | 0 | @a张勤@9zhang qin@4著 |
| 801 | 0 | @aCN@bAiZhiMarc@c19921105 |
| 905 | @aBZT@dF71@e193@f2@sF71/193 | |
| 购销决策/汪馥郁,张 勤著.-北京:中国经济出版社,1989.7 |
| 258页;19厘米.-(当代购销管理丛书/汪馥郁,李 常主编) |
| ISBN 7-5017-0291-8:CNY4.5 |
| 本书从购销决策的科学含义、购销决策形成过程中必经的7个程序和应该遵守的四大原则等环节或侧面,对科学地制订购销决策所涉及的主要问题作了介绍。 |
| ● |
| 相关链接 |
|
|
|
正题名:购销决策
索取号:F71/193
 
预约/预借
| 序号 | 登录号 | 条形码 | 馆藏地/架位号 | 状态 | 备注 |
| 1 | 2000101610 | 2000101610 | 旧书回溯/ [索取号:F71/193] | 在馆 | |
| 2 | 2000101611 | 2000101611 | 旧书回溯/ [索取号:F71/193] | 在馆 |